000
00312nam a2200133Ia 4500
100
_a
Ravindranath/B
942
_c
BK
654
_a
power
245
_a
Power system protection and switch gear
260
_b
WILEY EASTERN LIMITED
_a
New Delhi
_c
1984
082
_a
621.317
_b
RAV
300
_a
444
546
_a
ENGLISH
999
_c
18392
_d
18392